[Event "Oberpfalz-ch M3"]
[Site "Regensburg"]
[Date "2004.04.03"]
[Round "1.1"]
[White "Von Dichter, Elena"]
[Black "Trautner, Armin"]
[Result "1-0"]
[WhiteElo "1592"]
[BlackElo "1154"]
[PlyCount "67"]
[EventDate "2004.04.03"]
[EventType "swiss"]
[EventRounds "8"]
[EventCountry "GER"]
[SourceTitle "EXT 2022"]
[Source "ChessBase"]
[SourceDate "2021.10.06"]
[SourceVersion "1"]
[SourceVersionDate "2021.10.06"]
[SourceQuality "1"]

1. c4 e5 2. Nc3 Nf6 3. Nf3 d6 4. e4 Bg4 5. h3 Bxf3 6. Qxf3 Nc6 7. d3 Nd4 8. Qd1 Qd7 9. Be3 Be7 10. Nd5 Nxd5 11. cxd5 0-0 12. Be2 Nxe2 13. Qxe2 f5 14. f3 Bh4+ 15. Bf2 Bxf2+ 16. Qxf2 Qb5 17. Qd2 c6 18. dxc6 Qxc6 19. Rc1 Qd7 20. 0-0 Qe6 21. b3 Rac8 22. Rfe1 Rxc1 23. Rxc1 f4 24. d4 g5 25. d5 Qg6 26. Qb4 b6 27. Rc6 Rd8 28. Qc3 h5 29. Qxe5 Kh7 30. Qe7+ Qg7 31. Qxd8 Qa1+ 32. Kh2 Qd1 33. Rc7+ Kh6 34. Qxd6# 1-0